000 00727nam a2200289Ia 4500
005 20260324141811.0
008 008 260324s9999 xx 000 0 eng d
020 _a9781315805948
037 _aEBOOK
040 _aCRL
040 _beng
040 _cCRL
041 _2eng
041 _aeng
084 _qCRL
100 _aK. Anders Ericsson
_91209561
245 4 _aThe Road To Excellence
245 4 _bthe Acquisition of Expert Performance in the Arts and Sciences, Sports, and Games
260 _bTaylor and Francis
260 _c1996
365 _a
365 _b230
856 _uhttp://www.taylorfrancis.com/books/9781315805948
942 _cEBOOK
999 _c1813026
_d1813026